Introduction to Marketing concepts.
Sparad:
| Materialtyp: | Bok |
|---|---|
| Språk: | Vietnamese |
| Publicerad: |
Youth Publishing House
2001
|
| Taggar: |
Lägg till en tagg
Inga taggar, Lägg till första taggen!
|
| Thư viện lưu trữ: | Mạng thư viện Đại học Đà Nẵng |
|---|
| LEADER | 00580nam a2200241 4500 | ||
|---|---|---|---|
| 001 | 000020955 | ||
| 003 | 17402 | ||
| 005 | 20150330160315.0 | ||
| 008 | 150330s2001 viesd | ||
| 020 | |c 36000 | ||
| 041 | 0 | |a vie | |
| 082 | 1 | 4 | |a 658,8 |b In-M |
| 245 | 1 | 0 | |a Introduction to Marketing concepts. |
| 260 | |b Youth Publishing House |c 2001 | ||
| 300 | |a tr. |c cm. | ||
| OWN | |a LSP | ||
| 999 | |a From the UDN01 | ||
| TYP | |a Monograph | ||
| TYP | |a Printed language | ||
| 980 | |a Mạng thư viện Đại học Đà Nẵng | ||